CZYM MOŻNA ZASŁONIĆ OKNA? - Statystyki

Ogólne statystyki
  • Ten quiz został rozwiązany 61 razy
  • Średni wynik to 3 z 5
Statystyki odpowiedzi
Odpowiedź % Poprawnych
ZASŁONĄ
89%
ROLETĄ
87%
FIRANKĄ
81%
ŻALUZJĄ
55%
OKIENNICĄ
17%
Nie znaleziono quizów pasujących do podanych kryteriów
Rozkład punktacji
Procent ludzi z każdym wynikiem
Percentyl według liczby udzielonych odpowiedzi
Twoja historia wyników
Nie rozwiązałeś tego quizu